[Event "Douglas IoM op"]
[Site "Douglas"]
[Date "2017.09.27"]
[Round "5"]
[White "Adams, Michael"]
[Black "Shirov, Alexei"]
[Result "1-0"]
[WhiteElo "2738"]
[BlackElo "2630"]
[Annotator "Adams,M"]
[PlyCount "85"]
[EventDate "2017.09.23"]
[EventType "swiss"]
[EventRounds "9"]
[EventCountry "IOM"]
[SourceTitle "CBM 181"]
[Source "ChessBase"]
[SourceDate "2017.11.10"]
[SourceVersion "1"]
[SourceVersionDate "2017.11.10"]
[SourceQuality "1"]

{At one time Alexei was a regular sparring partner, but this was only our
third game in the last decade.} 1. e4 e5 2. Nf3 Nc6 3. Bb5 a6 4. Ba4 Nf6 5. d3
b5 ({A small surprise Alexei has normally preferred} 5... d6 {here.}) 6. Bb3
Be7 7. a4 Rb8 (7... b4 {is more common, allowing White the open a-file is a
small concession.}) 8. axb5 axb5 9. O-O O-O 10. Re1 d6 11. c3 ({After} 11. Nbd2
Nb4 {followed by ...c5 looked reasonable for Black.}) 11... Be6 {Otherwise
it's not easy for Black to develop.} 12. Bxe6 fxe6 13. Bg5 (13. d4 $1 {should
be critical here.}) 13... Nd7 ({I was intending} 13... h6 $5 14. Bh4 Nh5 15.
Bg3 {but on reflection it doesn't look too impressive.}) 14. Be3 d5 15. Nbd2 (
15. Ra6 $1 Nb6 16. Qb3 b4 17. Nbd2 {is the most challenging, keeping the
pressure on Black's ugly structure.}) ({I had originally thought that} 15. exd5
exd5 16. Ra6 Rf6 {was very good, but both} 17. Qb3 Nf8 ({and} 17... Kh8 {
intending} 18. Qxd5 Nb4 {are playable.})) 15... Nc5 16. Nb3 Na4 ({I spent some
time on} 16... dxe4 17. Nxc5 exf3 18. Nxe6 Qd7 19. Nxf8 Rxf8 {but there aren't
enough pieces in the attack:} 20. gxf3 Qh3 21. Kh1 Bd6 22. Rg1 e4 23. f4 {
is one way to defend.}) 17. Qe2 Bd6 18. d4 $6 ({This pawn break wasn't a good
idea, although I somehow hypnotised my opponent into playing down my main line
of calculation, so it didn't work out too badly. I didn't see the clever
computer concept} 18. Bg5 $1 Qd7 19. Bh4 {- now White's bishop would be well
placed on g3.}) ({I only considered} 18. Ra2 {to keep the tension which is
less challenging.}) 18... dxe4 19. Nxe5 (19. Ng5 exd4 20. Nxd4 Nxd4 21. cxd4
Qf6 {is nothing special as Black's knight can gravitate towards d5.}) 19...
Bxe5 ({The other capture was also possible} 19... Nxe5 $5 20. dxe5 Bxe5 21. Bd4
(21. Ba7 Ra8 22. Qxe4 Bxh2+ 23. Kxh2 Qd6+) 21... Bxd4 22. Nxd4 Qd5 {looks
likely to lead to mass liquidation.}) 20. dxe5 Nxe5 21. Ba7 Qg5 ({I thought} 
21... Ra8 $1 {wasn't very good and my opponent rejected it quickly but in fact
White should be careful there.} 22. Qxe4 (22. Qxb5 $2 Qg5 23. Qxa4 Nf3+ 24. Kh1
Nxe1 25. Rxe1 Rxf2 26. Qxe4 Rxa7) 22... Nd3 (22... Nf3+ $2 23. gxf3 Rxa7 24.
Qxe6+ Kh8 25. Nd4 $16) 23. Re3 {and now either the flashy} (23. Red1 Naxb2 24.
Qxe6+ Kh8 $15) 23... Nac5 ({or the simple} 23... Naxb2 {are fine for Black.})
24. Bxc5 Rxa1+ 25. Nxa1 Nxc5 26. Qd4) 22. Nd4 $1 (22. Bxb8 Nf3+ 23. Kh1 Nxe1
24. Rxe1 Rxb8 25. Qxe4 Qd5 {is about equal.}) 22... Nf3+ (22... Ra8 $2 23. Qxe4
Rxa7 24. Nxe6 $18) 23. Nxf3 exf3 24. Qxe6+ Kh8 25. g3 Ra8 26. Bd4 c5 27. Be3 $6
({I wanted to play} 27. Be5 $1 {but failed to realise all the tactics are in
my favour enabling me to keep the bishop pointed at g7} Rae8 $2 (27... Nxb2 $2
28. Rxa8 Rxa8 29. Bb8 $1 $18) 28. Bxg7+ Qxg7 (28... Kxg7 29. Qd7+ $18) 29. Qxe8
$18) 27... Qh5 28. h4 Nxb2 ({I was happy to get the opportunity to swap rooks
but} 28... Rae8 29. Qc6 {is also not so pleasant} Qf5 (29... Qg4 30. Qxb5 Nxb2
31. Bxc5 Qh3 32. Qf1) 30. Bf4 $1) 29. Rxa8 Rxa8 30. Qc6 Rg8 31. Qxb5 Qf5 $1 ({
After} 31... Qg4 32. Kh2 Nc4 33. Bf4 {Black's knight is in trouble, Alexei's
superior choice gives it a route back into the game.}) 32. Kh2 (32. Qxb2 $4 Qh3
) 32... Nd3 33. Rd1 Ne5 34. Qxc5 h5 ({I was expecting} 34... h6 35. Bd4 Ng4+
36. Kg1 Qe4 {but underestimated the strength of} ({The better} 36... Qxc5 $1
37. Bxc5 Re8 {looks likely to lead to a draw with my king imprisoned.}) 37. Qc7
$1 {when Black is passive.}) 35. Bd4 Re8 $2 ({I was pleasantly surprised when
I got the opportunity to get rid of the knight} 35... Ng4+ 36. Kg1 Qxc5 37.
Bxc5 Re8 {should hold after} 38. Be3 Nxe3 39. fxe3 Rxe3 40. Rc1 g5 {the number
of pawns is fast diminishing.}) 36. Bxe5 Rxe5 37. Rd8+ Kh7 38. Qf8 $18 {
My opponent missed this decisive queen insertion, with only major pieces
remaining Black is not in time to target my king.} (38. Qc4 {with similar
ideas is equally effective} Qc2 39. Qg8+ Kh6 40. Rd6+ $18) 38... Kg6 ({After} 
38... Qxf8 39. Rxf8 {picks up another pawn with Black's monarch boxed in.}) 39.
Rd6+ Kh7 40. Rd8 Kg6 41. Qg8 Qe6 (41... Qc2 42. Rd6+ Kf5 43. Qf7+ {mates next
turn.}) (41... Re6 42. Rd7 Qf6 43. Rxg7+ $18) (41... Qf6 42. Rf8 $18) 42. Qxe6+
Rxe6 43. Rf8 {Black resigned, as after capturing on f3 my king can stroll to
the queenside to simplify the conversion.} (43. Rf8 Rf6 {loses swiftly} 44.
Rxf6+ Kxf6 (44... gxf6 45. g4 $18) 45. g4 hxg4 46. Kg3 $18) 1-0

[Event "Bundesliga 0506"]
[Site "Germany"]
[Date "2006.04.01"]
[Round "14"]
[White "Kasimdzhanov, Rustam"]
[Black "Anand, Viswanathan"]
[Result "0-1"]
[WhiteElo "2670"]
[BlackElo "2792"]
[Annotator "Anand,V"]
[PlyCount "62"]
[EventDate "2005.10.21"]
[EventType "team-tourn"]
[EventRounds "15"]
[EventCountry "GER"]
[SourceTitle "CBM 113"]
[Source "ChessBase"]
[SourceDate "2006.07.31"]
[SourceVersion "1"]
[SourceVersionDate "2006.07.31"]
[SourceQuality "1"]
[WhiteTeam "Godesberg"]
[BlackTeam "Baden-Baden"]
[WhiteTeamCountry "GER"]
[BlackTeamCountry "GER"]

{This was a crucial weekend for us. Baden-Baden needed to get past Godesberg
and Porz in order to clinch the title that had slipped out of our hands for
the last two years. This was the first of those games.} 1. e4 e5 2. Nf3 Nc6 3.
Bb5 a6 4. Ba4 Nf6 5. O-O Be7 6. Re1 b5 7. Bb3 O-O 8. h3 {The Anti-Marshall
that is all the rage in recent years} Bb7 9. d3 Re8 10. Nc3 Bb4 11. a3 Bxc3 12.
bxc3 Na5 13. Bg5 {A new idea. White allows his bishop to be captured on the
premise that the remaining bishops favor him.} h6 14. Bh4 c5 $1 {Black´s aim
in this line is to "bury" the bishop with c5-c4 and I stick to this plan.
However, there is now a piece sacrifice in the air.} (14... Nxb3 15. cxb3 d6
16. b4 {White could try to go for Nd2-b3}) 15. Bd5 Bxd5 16. Bxf6 $2 {Here
however, Kasimdzhanov hesitates.} (16. exd5 g5 (16... d6 $2 17. Bxf6 Qxf6 18.
Nd2 {Now the knight on a5 has no square!}) 17. Nxg5 {This is forced} (17. Bg3
d6 {Loses a pawn for very little}) 17... hxg5 18. Bxg5 Qb6 {Now White can
either take a 3rd pawn} 19. Bxf6 ({or even} 19. c4 Nb7 20. Rb1 Nh7 21. Bd2 {
with good compensation}) 19... Qxf6 20. Qg4+ Kh7 21. Qxd7 {It doesnt look like
White is worse here}) 16... Qxf6 17. exd5 Qd6 $1 {Of course not d6. Black now
benefits from the d6 square} 18. c4 bxc4 19. Qd2 Nb7 {This is what
Kasimdzhanov missed. The knight heads for d6} 20. dxc4 e4 (20... Qf6 $2 21. Qc3
e4 $8 (21... d6 {would leave the knight without a square}) 22. Qxf6 gxf6 23.
Nd2 Nd6 24. Rab1 $1 $16) 21. Nh2 Qg6 22. Qf4 Nd6 23. Nf1 (23. Ng4 Nxc4) 23...
f5 $1 (23... Nxc4 $2 24. Ng3 Nd6 25. Rab1 $1 {Before Black can get in f5,
White threatens Rb6} Nb5 26. Nxe4 $13) 24. Rab1 (24. Ng3 Qf6 25. Rab1 g5) 24...
Nxc4 25. Ng3 {Kasimdzhanov touched his knight and then realized that Ne3
allows Nd2. So he has to further worsen his position instead of playing, for
instance Rb7} (25. Ne3 Nd2 $1) 25... Re5 $1 26. Rb7 Qf7 {Now the game is over}
27. h4 Qxd5 28. Reb1 Rf8 {The computer wants to start taking pawns, but I
preferred to be methodical} 29. Rc7 e3 $1 30. Rbb7 (30. fxe3 Nxe3 31. Qf3 Qd4
$19) 30... Re7 31. f3 e2 {Happily, Baden-Baden won convincingly on Sunday to
take the German team championship title} (31... e2 32. Nxe2 Qd1+ 33. Kh2 Qxe2 {
leaves Black a piece up}) 0-1

[Event "Oakham YM"]
[Site "Oakham"]
[Date "1992.??.??"]
[Round "9"]
[White "Akopian, Vladimir Eduardovic"]
[Black "Adams, Michael"]
[Result "1-0"]
[WhiteElo "2605"]
[BlackElo "2620"]
[Annotator "Anand,V"]
[PlyCount "93"]
[EventDate "1992.03.??"]
[EventType "swiss"]
[EventRounds "9"]
[EventCountry "ENG"]
[SourceTitle "CBM 030"]
[Source "ChessBase"]
[SourceDate "1992.10.01"]
[SourceVersion "1"]
[SourceVersionDate "1992.10.01"]
[SourceQuality "1"]

1. e4 e5 2. Nf3 Nc6 3. Bb5 a6 4. Ba4 Nf6 5. O-O Be7 6. Re1 b5 7. Bb3 O-O 8. h3
Bb7 9. d3 h6 (9... Re8) 10. Nbd2 Re8 11. c3 Bf8 12. a4 Na5 13. Ba2 c5 (13... b4
14. Nf1 $14) 14. Nb3 Nc6 (14... Nxb3 15. Bxb3 (15. Qxb3 d5 16. axb5 axb5 (16...
c4 17. dxc4 dxe4 18. Nd2 $16) 17. Qxb5 Qc7 $44) 15... Qc7 (15... c4 16. dxc4
bxc4 17. Bxc4 Bxe4 18. Bxf7+ Kxf7 19. Rxe4 Nxe4 20. Qd5+ Kf6 21. Qxe4 d5 22.
Qh4+ $13)) 15. Be3 d6 16. Nbd2 d5 $6 17. exd5 Nxd5 18. Ne4 $14 Nxe3 19. Rxe3
Na5 20. Nfd2 $40 {>< f7} Rc8 21. axb5 axb5 22. Rf3 $1 c4 23. Nf6+ $1 $18 gxf6
24. Rg3+ Bg7 25. Qg4 Kf8 26. Qxg7+ Ke7 27. Qxh6 (27. Rg6 Qd6) 27... Rg8 28.
Rxg8 (28. Nf1 {/\ Nf1-g3-f5}) 28... Qxg8 29. f3 Qg5 30. Qxg5 fxg5 31. Bxc4 Nxc4
32. dxc4 bxc4 33. Ra7 Rb8 34. Nxc4 Ke6 35. b4 e4 36. fxe4 Bxe4 37. Ra6+ Ke7 38.
Nd2 Bd3 39. Rc6 Ra8 40. Kf2 f5 41. Rc7+ Kf6 42. Rd7 Bb5 43. Rd5 Be8 44. g4 Bg6
45. Rd6+ Kg7 46. b5 Ra3 47. b6 1-0

[Event "Valjevo"]
[Site "Valjevo"]
[Date "2007.06.19"]
[Round "7"]
[White "Iordachescu, Viorel"]
[Black "Atalik, Suat"]
[Result "0-1"]
[WhiteElo "2587"]
[BlackElo "2584"]
[Annotator "Atalik,S"]
[PlyCount "70"]
[EventDate "2007.06.13"]
[EventType "tourn"]
[EventRounds "9"]
[EventCountry "YUG"]
[EventCategory "15"]
[SourceTitle "CBM 119"]
[Source "ChessBase"]
[SourceDate "2007.08.01"]
[SourceVersion "1"]
[SourceVersionDate "2007.08.01"]
[SourceQuality "1"]

1. e4 e5 2. Nf3 Nc6 3. Bb5 a6 4. Ba4 Nf6 5. O-O Be7 6. Re1 b5 7. Bb3 O-O {
Black is perpared to enter the Marshall Defence. So far recent developments
make White shy away from it due to the drawish trendency.} 8. h3 {One of the
many Anti-Marshall weapons.} (8. a4 b4 $13) (8. d4 d6 9. c3 Bg4 $13) (8. d3 d6
9. c3 Na5 10. Bc2 c5 11. Nbd2 Nc6 $13 {are believed to bring slightly less
than White's choice on the 8th move.}) 8... Rb8 $1 {A revolutionary move found
by me right after the Bosna Sarajevo tournament. The main idea is that Black
aims to keep the bishop on the c8-h3 diagonal.} (8... Bb7 {is everybody's
choice who wants to keep the game out of Chigorin's lines.} 9. d3 d6 (9... d5
$5 10. exd5 Nxd5 11. Nxe5 Nd4 12. Nc3 Nxb3 13. axb3 Nb4 $1 $44 {N.
Timofeev-Sokolov Bosna Sarajevo 2007 is another fresh idea which gave me
inspiration that the position ripe for new ideas.}) 10. a3 $13 {is believed to
give White an easier hand to play.}) 9. c3 $5 {A brave decision. This brings
the game back into a Marshall type of a set up. Let us check the alternatives.}
(9. d3 d6 10. c3 $1 {may try to take advantage of Rb8. However, in principle
Black is not terrified by this slow line. Experience over the years suggests
that building up the centre with c3 and eventually d4 is White's most
dangerous attempt for the initiative in almost all Spanish lines.} (10. a3 $6
Be6 $11 (10... Na5 11. Ba2 c5 $11 {emphasizes the correct diagonal for the Bc8.
})) 10... Na5 11. Bc2 c5 12. Nbd2 Nc6 13. Nf1 d5 $5 (13... b4 $5 $13) (13...
Be6 14. d4 cxd4 15. cxd4 exd4 16. Nxd4 Nxd4 17. Qxd4 Qb6 $1 $132 {once again
making use of strangely placed rook.}) 14. exd5 Nxd5 15. Nxe5 Nxe5 16. Rxe5 Bf6
17. Re1 b4 $44 {is how the inventor of the 9.h3 Rb8 line GM Gajewski treats
this closed approach.}) 9... d5 {The natural outcome.} 10. exd5 Nxd5 11. Nxe5
Nxe5 12. Rxe5 Bb7 $8 {This has some advantages for Black in comparison with a
regular Marshall. White is deprived of Qf3 and the Na3 b4 Nc4 bc3 Na5
manoeuvre in the current position.} (12... c6 $6) (12... Nf6 $6) (12... Nf4 $6
{do not make the inclusion of extra moves with h3 for White and Rb8 for Black
justified.}) 13. d3 $6 {White aims for Nd2-e4. However, later he had to opt
for d4 anyway.} (13. d4 {I was anticipating} Bf6 14. Re1 Re8 15. Bd2 $1 Rxe1+
16. Qxe1 b4 $1 $44 (16... Qd7 $6 17. Na3 Re8 18. Qf1 $16)) 13... Bf6 14. Re1 (
14. Re2 Qd7) 14... b4 $1 $36 {This is the essence of Black's set up: play on
the queen's wing instead of a kingside assault.} 15. d4 $1 {A sad necessity.}
Re8 16. Rxe8+ ({After} 16. c4 {Black has tons of reliable alternatives.} Nb6 $5
$36 (16... Rxe1+ 17. Qxe1 Qe8 $1 $36) (16... Ne7 17. d5 Nf5 $44)) 16... Qxe8
17. cxb4 {Hardly anything else can be suggested.} Qe4 $8 (17... Nxb4 $2 18. Nc3
Rd8 19. Be3 c5 20. d5 Bxc3 21. bxc3 Nxd5 22. Bg5 $1 $36 {and the initiative
changes hands.}) 18. Nd2 $6 (18. Qf1 $142 Qxd4 (18... Bxd4 19. Nd2) 19. Bxd5
Bxd5 20. Nc3 Bc4 21. Be3 Bxf1 22. Bxd4 Bxd4 23. Kxf1 Rxb4 24. Rd1 $11) (18. Bc2
Qh4 (18... Qxd4 19. Qxd4 Bxd4 20. a3 Re8 21. Kf1 a5 22. b5 c6 $44) 19. Nc3 Nxb4
$15) 18... Qxd4 19. Nc4 $1 {The most tenacious set up possible for White under
the present circumstances.} Qxd1+ $1 (19... Qe4 20. Qf1 Nxb4 21. Be3 $1 (21.
Bd2 $2 Nc2 22. Rc1 Nd4 $17) 21... Rd8 $36 {The most concrete way to squeeze a
slight advantage in this position.}) (19... Nxb4 $2 20. Qxd4 Bxd4 21. Be3 $14)
20. Bxd1 Nxb4 21. Bd2 Bd5 $1 (21... Nd3 22. Bc3 Bxc3 23. bxc3 $11) 22. Bb3 $1 {
I had underestimated this one in my previous calculations.} Nd3 {The back rank
can become a problem for the luftless Black here with other moves.} (22... Nc2
$2 23. Bxc2 Bxc4 24. Bc3 Bxc3 25. bxc3 Kf8 26. Rb1 Rb6 27. a3 $11) (22... Bxc4
$2 23. Bxc4 Nc2 24. Rd1 $1 (24. Rc1 Rxb2 25. Bxa6 Rxa2 26. Bd3 $11) (24. Rb1 $4
Na3) 24... Rd8 25. Be2 $1 Bxb2 26. Ba5 $1 Nd4 27. Kf1 $16) 23. Bc3 (23. Ba5 c6
(23... Rb5 24. Bc3) 24. Bc7 Re8 $17) 23... Bxc4 24. Bxc4 Nxb2 25. Bxb2 (25.
Bxf6 Nxc4 26. Rc1 Rb4 $1 27. Be7 Ra4 28. a3 f6 $17 {is a clear pawn.}) 25...
Rxb2 26. Rd1 $1 (26. Bxa6 Bd4 $17) 26... Rb4 $1 $15 27. Bxa6 Ra4 {After a
bunch of forced moves the smoke has cleared and Black only seems to earn a
moral victory in the event of a proper defence by his opponent.} 28. Bb7 $2 {
The start of an incorrect plan connected with the wrong idea of developing a
counterattack on f7.} ({White had to bite his lips and organize a defence on
the second rank with} 28. Bd3 Rxa2 29. Rc1 Rd2 30. Be4 Be5 31. g3 g6 32. Rc2
Rd4 33. Bc6 $15) 28... Rxa2 29. Rd7 Ra1+ 30. Kh2 Kf8 $17 {Black's advantage
increases to serious dimensions with two more misplaced pieces by White. With
a king awy from the centre and a rook in a precarious position we may conclude
that Viorel is in trouble.} 31. f4 $2 {That explains this nervous move.} (31.
g3 Rc1 32. Kg2 Ke8 33. Rd2 c6 $17 {was to be played.}) 31... Rc1 32. Bd5 Be7
$17 (32... Rd1 $2 33. Rxf7+ Ke8 34. Be6 Rd6 35. Bb3 $11) 33. Bb3 $2 {Wrong
diagonal once again. Having in mind an attack on f7 Viorel makes the aftermath
of his previous mistakes even bigger.} (33. Kg3 $4 Ke8 $19) (33. Be4 g6 34. Kg3
f5 35. Bf3 Ke8 36. Rd1 Rc2 37. Bd5 c6 38. Bg8 Kf8 39. Be6 Rc3+ 40. Kh2 Bh4 $19)
(33. Bf3 Bd6 (33... Rc4 $5 34. g3 Rc2+ 35. Kg1 Ke8 36. Rd3 f5 $5 $17) 34. Bd5
Bxf4+ 35. g3 Rc2+ 36. Kh1 Be5 37. Rxf7+ Ke8 38. Rf3 Ke7 39. Re3 Kd6 40. Rd3
Rc1+ 41. Kg2 h6 $19 {with the eventual march of the c pawn.}) 33... Rc3 $19 34.
Ba2 $2 {This is a blunder leaving f4 unprotected.} ({I was only considering} 
34. Ba4 Bh4 35. Kg1 (35. f5 c5 $19) 35... c5 36. Bc6 c4 $140 37. Bd5 Bg3 $1 $19
) 34... Ke8 $5 {I was afraid of compromising my pawn structure.} (34... g5 $142
$1 {is more direct.} 35. Kg1 (35. fxg5 $2 Bd6+ 36. g3 Rc2+ $19) (35. Bb1 Bd6
$19) (35. Rd1 Bd6 $19) 35... Rc1+ 36. Kh2 gxf4 37. Bb3 Rc3 38. Ba4 Bh4 39. Kg1
c5 $19) 35. Rd2 (35. Rd4 Bh4 36. Bc4 Bg3+ 37. Kg1 Rc1+ 38. Bf1 Re1 $1 39. Rc4
Kd7 $19) 35... Bh4 $1 {Overlooking this idea really killed Viorel's appetite
to continue the game. However, his resignation is premature.} (35... Bh4 $1 36.
g4 $1 (36. Rd1 Bg3+ 37. Kh1 Bxf4 38. Rf1 g5 39. Re1+ Kf8 40. Rd1 c5 41. Bd5 c4
$19) 36... Bg3+ 37. Kg2 Bxf4 38. Rf2 Rg3+ (38... g5 39. Rf3 Rc5 40. Bb1 h6 41.
h4 $19) 39. Kf1 g5 40. h4 h6 41. hxg5 hxg5 42. Rg2 Rc3 (42... Rxg2 $2 43. Kxg2
f5 $8 44. gxf5 Be5 45. Kf3 Ke7 46. Bc4 Bf6 (46... Kf6 47. Kg4) 47. Ke4 Kd6 48.
Be2 Kc5 49. Bd1 Kb4 50. Kd5 $11) 43. Re2+ Kf8 44. Bb1 $1 c5 $19 {is
technically lost, but Black has to sweat.}) 0-1

[Event "FIDE World Cup"]
[Site "Khanty-Mansiysk"]
[Date "2005.12.02"]
[Round "2.3"]
[White "Bruzon Batista, Lazaro"]
[Black "Onischuk, Alexander"]
[Result "1-0"]
[WhiteElo "2677"]
[BlackElo "2640"]
[Annotator "Atlas,V"]
[PlyCount "87"]
[EventDate "2005.11.27"]
[EventType "k.o."]
[EventRounds "7"]
[EventCountry "RUS"]
[SourceTitle "CBM 111"]
[Source "ChessBase"]
[SourceDate "2006.04.04"]
[SourceVersion "1"]
[SourceVersionDate "2006.04.04"]
[SourceQuality "1"]

1. e4 e5 2. Nf3 Nc6 3. Bb5 a6 4. Ba4 Nf6 5. O-O Be7 6. Re1 b5 7. Bb3 O-O 8. h3
Bb7 9. d3 Re8 10. a4 h6 11. Nc3 b4 12. Nd5 Na5 13. Ba2 Bc5 14. Bd2 Bxd5 15.
Bxd5 Nxd5 16. exd5 Qf6 17. c3 bxc3 $6 ({According to Svidler,} 17... Qb6 {
is much stronger.}) 18. Bxc3 Qb6 19. Rxe5 Nb3 ({Svidler recommends here} 19...
Bxf2+ 20. Kh1 f6 $1 (20... d6 21. Rxe8+ Rxe8 22. b4 Nb7 23. Ra2 Bg3 24. Re2 Rd8
25. Nd4 a5 26. Nc6 Rf8 27. Bd4 Qa6 28. b5 Qa8 29. Re7 Be5 30. Nxe5 dxe5 31.
Bxe5 {1-0 Svidler,P-Leko,P/San Luis 2005/CBM 110 no vc})) 20. a5 Qb5 21. Rb1
Bd6 22. Rh5 Nc5 (22... f6 {is strongly met by} 23. Nh4 {, bringing the queen
into attack.}) 23. b4 $1 Nxd3 $2 ({After this mistake Black's postiion becomes
critical. Essential was} 23... Ne6 {. although after} 24. Nd4 Nxd4 25. Bxd4 {
, White retains a large advantage.}) {[%tqu "En","Black's pieces are far away
from their king. How should White continue his attack?","Try to expose the
enemy king.","Sacrifice your bishop!","c3g7","This amazing move destroys
Black's kingside and yields White a decisive advantage.",7]} 24. Bxg7 $3 {
[%csl Gg7,Rg8] This unexpected blow breaks Black's defense.} Kxg7 25. Nd4 Re1+
(25... Qc4 {fails to} 26. Qg4+ Kh7 (26... Kf8 27. Ne6+) 27. Rxh6+ $1 Kxh6 28.
Nf5+ Kh7 29. Qg7#) 26. Qxe1 Nxe1 27. Nxb5 axb5 28. Rxe1 Bxb4 29. Rb1 Bxa5 30.
Rxb5 {The ending is hopeless for Black.} Bb6 31. g4 Ra2 32. Rf5 d6 33. Rb4 Re2
34. Kg2 Ba5 35. Rc4 f6 36. Rf3 Rd2 37. Rcf4 Rxd5 38. Rxf6 Rc5 39. Rf7+ Kg8 40.
Rf8+ Kg7 41. R3f7+ Kg6 42. h4 Bc3 43. h5+ Kg5 44. Kh3 1-0